000 00757nam a2200265 a 4500
008
020 _a0434910635 (hbk.)
049 _aMAIN
090 _aBF637.S8
_bREI
100 1 _aRein, Irving J.
245 1 0 _aHigh visibility /
_cIrving J. Rein, Philip Kotler, Martin R. Stoller.
260 _aLondon :
_bHeinemann,
_c1987.
300 _axv, 366 p. :
_bill. ;
_c25 cm.
504 _aIncludes bibliographical references.
500 _aIncludes index.
650 0 _aSuccess.
650 0 _aCelebrities.
700 1 _aKotler, Philip.
700 1 _aStoller, Martin R.
907 _a.b10034869
_b31-07-09
_c17-04-03
003
005 20230123133156.0
040 _cNUST
942 _cBOOKS
_kBF637.S8
_mREI
999 _c144041
_d144041